[Event "Figueres op 12th"]
[Site "Figueres"]
[Date "2011.08.14"]
[Round "5"]
[White "Houriez, Clement"]
[Black "Anikaev, Yuri N"]
[Result "1/2-1/2"]
[WhiteElo "2328"]
[BlackElo "2438"]
[PlyCount "41"]
[EventDate "2011.08.11"]
[EventType "swiss"]
[EventRounds "9"]
[EventCountry "ESP"]
[SourceTitle "CBM 143 Extra"]
[Source "ChessBase"]
[SourceDate "2011.08.29"]
[SourceVersion "1"]
[SourceVersionDate "2011.08.29"]
[SourceQuality "1"]

1. d4 Nf6 2. c4 e6 3. Nf3 d5 4. g3 dxc4 5. Bg2 Nc6 6. Qa4 Nd5 7. Qxc4 Nb6 8. Qb5 a6 9. Qd3 Nb4 10. Qd1 c5 11. 0-0 cxd4 12. Nxd4 e5 13. a3 exd4 14. axb4 Bxb4 15. Na3 0-0 16. Nc2 Bc5 17. b4 Be7 18. Ra5 Bf6 19. Qd3 Qe7 20. Bb2 Rd8 21. Bxd4 1/2-1/2

[Event "Figueres op 12th"]
[Site "Figueres"]
[Date "2011.08.13"]
[Round "3"]
[White "Tillet, Louis Juan"]
[Black "Anikaev, Yuri N"]
[Result "1/2-1/2"]
[WhiteElo "2204"]
[BlackElo "2438"]
[PlyCount "52"]
[EventDate "2011.08.11"]
[EventType "swiss"]
[EventRounds "9"]
[EventCountry "ESP"]
[SourceTitle "CBM 143 Extra"]
[Source "ChessBase"]
[SourceDate "2011.08.29"]
[SourceVersion "1"]
[SourceVersionDate "2011.08.29"]
[SourceQuality "1"]

1. e4 e5 2. Nf3 Nc6 3. Bb5 a6 4. Ba4 Nf6 5. d4 exd4 6. 0-0 Be7 7. e5 Ne4 8. Nxd4 Nxd4 9. Qxd4 Nc5 10. Nc3 0-0 11. Bg5 d6 12. Bxe7 Qxe7 13. exd6 Qxd6 14. Qxd6 cxd6 15. Rad1 Rd8 16. Bb3 Be6 17. Bd5 Rac8 18. Rfe1 Kf8 19. f3 b5 20. a3 Bxd5 21. Rxd5 Nb7 22. Re2 Na5 23. a4 Nc4 24. axb5 Nxb2 25. Ne4 axb5 26. Rxb5 Nc4 1/2-1/2

[Event "Figueres op 12th"]
[Site "Figueres"]
[Date "2011.08.12"]
[Round "2"]
[White "Anikaev, Yuri N"]
[Black "Parramon Ros, Francesco"]
[Result "1-0"]
[WhiteElo "2438"]
[BlackElo "2042"]
[PlyCount "73"]
[EventDate "2011.08.11"]
[EventType "swiss"]
[EventRounds "9"]
[EventCountry "ESP"]
[SourceTitle "CBM 143 Extra"]
[Source "ChessBase"]
[SourceDate "2011.08.29"]
[SourceVersion "1"]
[SourceVersionDate "2011.08.29"]
[SourceQuality "1"]

1. Nf3 d5 2. g3 e6 3. Bg2 f5 4. 0-0 Nf6 5. d3 Bd6 6. Nbd2 f4 7. e4 fxe3 8. fxe3 0-0 9. Qe2 e5 10. e4 d4 11. Nc4 Nc6 12. a4 a6 13. Nh4 Bg4 14. Bf3 Bh3 15. Rf2 Bc5 16. Bg5 Qd7 17. Bg2 Be6 18. Bxf6 Rxf6 19. Rxf6 gxf6 20. b3 Kh8 21. Rf1 Be7 22. Nf5 Rg8 23. Bh3 Bd8 24. Nd2 Nb4 25. Nf3 Qc6 26. Rf2 b5 27. axb5 axb5 28. N5xd4 exd4 29. Nxd4 Qb6 30. Nxe6 Be7 31. Kg2 Nc6 32. Qh5 Ne5 33. Bf5 Ng6 34. Bxg6 Rxg6 35. Nf4 Rg8 36. Nd5 Qe6 37. Nxc7 1-0

[Event "Sabadell op 3rd"]
[Site "Sabadell"]
[Date "2010.09.07"]
[Round "7"]
[White "Quesada Perez, Yuniesky"]
[Black "Anikaev, Yuri N"]
[Result "1/2-1/2"]
[WhiteElo "2614"]
[BlackElo "2426"]
[PlyCount "40"]
[EventDate "2010.09.01"]
[EventType "swiss"]
[EventRounds "9"]
[EventCountry "ESP"]
[SourceTitle "CBM 138 Extra"]
[Source "ChessBase"]
[SourceDate "2010.10.29"]
[SourceVersion "1"]
[SourceVersionDate "2010.10.29"]
[SourceQuality "1"]

1. e4 c5 2. Nf3 d6 3. d4 cxd4 4. Nxd4 Nf6 5. Nc3 a6 6. Be3 e5 7. Nb3 Be6 8. Qd2 Be7 9. 0-0-0 Nbd7 10. f4 Ng4 11. g3 Nxe3 12. Qxe3 0-0 13. Kb1 g6 14. h4 Qb6 15. Qf3 Kg7 16. g4 Nf6 17. Bh3 Rac8 18. h5 Rxc3 19. bxc3 Nxh5 20. Rd2 Kh8 1/2-1/2

[Event "Sabadell op 3rd"]
[Site "Sabadell"]
[Date "2010.09.06"]
[Round "6"]
[White "Anikaev, Yuri N"]
[Black "Lasinskas, Povilas"]
[Result "1-0"]
[WhiteElo "2426"]
[BlackElo "2195"]
[PlyCount "53"]
[EventDate "2010.09.01"]
[EventType "swiss"]
[EventRounds "9"]
[EventCountry "ESP"]
[SourceTitle "CBM 138 Extra"]
[Source "ChessBase"]
[SourceDate "2010.10.29"]
[SourceVersion "1"]
[SourceVersionDate "2010.10.29"]
[SourceQuality "1"]

1. c4 f5 2. Nf3 Nf6 3. g3 g6 4. Bg2 Bg7 5. 0-0 0-0 6. Nc3 d6 7. d4 h6 8. b3 Re8 9. Bb2 c6 10. d5 c5 11. Ne1 Nbd7 12. Nd3 g5 13. e3 a6 14. a3 Ng4 15. Qe2 Nf8 16. Ne5 Nxe5 17. f4 Ng4 18. Nd1 Rb8 19. Bxg7 Kxg7 20. b4 b5 21. Nf2 bxc4 22. Nxg4 fxg4 23. bxc5 dxc5 24. Qxc4 Rb5 25. a4 Rb4 26. Qxc5 Rb8 27. fxg5 1-0

[Event "Sabadell op 3rd"]
[Site "Sabadell"]
[Date "2010.09.04"]
[Round "4"]
[White "Anikaev, Yuri N"]
[Black "Rios Parra, Alejandro"]
[Result "1/2-1/2"]
[WhiteElo "2426"]
[BlackElo "2299"]
[PlyCount "43"]
[EventDate "2010.09.01"]
[EventType "swiss"]
[EventRounds "9"]
[EventCountry "ESP"]
[SourceTitle "CBM 138 Extra"]
[Source "ChessBase"]
[SourceDate "2010.10.29"]
[SourceVersion "1"]
[SourceVersionDate "2010.10.29"]
[SourceQuality "1"]

1. Nf3 Nf6 2. c4 c5 3. Nc3 Nc6 4. e3 e6 5. a3 Be7 6. d4 cxd4 7. exd4 d5 8. cxd5 Nxd5 9. Bd3 Nxc3 10. bxc3 Bf6 11. 0-0 0-0 12. Re1 Qa5 13. Bd2 b6 14. c4 Qh5 15. Be4 Bb7 16. Rb1 Be7 17. Qa4 Rac8 18. Ne5 Nxe5 19. Bxb7 Nxc4 20. Bxc8 Nxd2 21. Rbc1 Bd6 22. h3 1/2-1/2

[Event "Collado Villalba op-A 27th"]
[Site "Collado Villalba"]
[Date "2010.08.25"]
[Round "6"]
[White "Anikaev, Yuri N"]
[Black "Nijboer, Friso"]
[Result "1/2-1/2"]
[WhiteElo "2411"]
[BlackElo "2582"]
[PlyCount "62"]
[EventDate "2010.08.20"]
[EventType "swiss"]
[EventRounds "10"]
[EventCountry "ESP"]
[SourceTitle "CBM 138 Extra"]
[Source "ChessBase"]
[SourceDate "2010.10.29"]
[SourceVersion "1"]
[SourceVersionDate "2010.10.29"]
[SourceQuality "1"]

1. c4 g6 2. g3 Bg7 3. Bg2 d6 4. Nc3 Nf6 5. Nf3 0-0 6. 0-0 Nc6 7. Rb1 Bf5 8. d3 Qd7 9. Re1 a6 10. a3 Rac8 11. b4 Bh3 12. Bh1 h6 13. Bd2 e5 14. a4 Ne7 15. b5 axb5 16. axb5 Ng4 17. Ra1 f5 18. Ra7 Rb8 19. Qc2 Nc8 20. Ra3 Qe8 21. e4 Nb6 22. Nd5 Nxd5 23. cxd5 Rf7 24. Rb1 g5 25. Be1 Qd7 26. b6 cxb6 27. Rxb6 f4 28. Ra7 Qd8 29. Rb4 Qf8 30. Qe2 Bf6 31. Bg2 h5 1/2-1/2

[Event "Collado Villalba op-A 27th"]
[Site "Collado Villalba"]
[Date "2010.08.23"]
[Round "4"]
[White "Anikaev, Yuri N"]
[Black "Martinez Duany, Lelys Stanley"]
[Result "0-1"]
[WhiteElo "2411"]
[BlackElo "2510"]
[PlyCount "92"]
[EventDate "2010.08.20"]
[EventType "swiss"]
[EventRounds "10"]
[EventCountry "ESP"]
[SourceTitle "CBM 138 Extra"]
[Source "ChessBase"]
[SourceDate "2010.10.29"]
[SourceVersion "1"]
[SourceVersionDate "2010.10.29"]
[SourceQuality "1"]

1. c4 g6 2. g3 Bg7 3. Bg2 e5 4. Nc3 d6 5. d3 Nf6 6. Nf3 0-0 7. 0-0 Nbd7 8. Rb1 a5 9. a3 Nh5 10. b4 axb4 11. axb4 f5 12. Qb3 h6 13. c5+ Kh7 14. cxd6 cxd6 15. Ba3 Nb6 16. Rfc1 Qe7 17. b5 Be6 18. Qb4 Rfd8 19. Nd2 Qf7 20. e3 Nf6 21. Qb2 e4 22. d4 Bc4 23. Bb4 Bd3 24. Ra1 Rxa1 25. Rxa1 Nfd5 26. Nxd5 Nxd5 27. Qb3 Rc8 28. Bf1 Bxf1 29. Rxf1 Qe6 30. Ba3 Rc3 31. Qa2 h5 32. Rc1 Rd3 33. Nc4 Nb6 34. Bb4 h4 35. Qc2 Nd5 36. Be1 f4 37. Qe2 f3 38. Qf1 Rb3 39. gxh4 Rxb5 40. Nxd6 Rb2 41. Nc4 Re2 42. Rb1 b5 43. Ne5 b4 44. Kh1 b3 45. Rxb3 Qh3 46. Kg1 Rxe1 0-1

[Event "Badalona op 36th"]
[Site "Badalona"]
[Date "2010.08.08"]
[Round "7"]
[White "Bromberger, Stefan"]
[Black "Anikaev, Yuri N"]
[Result "1-0"]
[WhiteElo "2537"]
[BlackElo "2411"]
[PlyCount "59"]
[EventDate "2010.08.02"]
[EventType "swiss"]
[EventRounds "9"]
[EventCountry "ESP"]
[SourceTitle "CBM 137 Extra"]
[Source "ChessBase"]
[SourceDate "2010.09.01"]
[SourceVersion "1"]
[SourceVersionDate "2010.09.01"]
[SourceQuality "1"]

1. e4 c5 2. Nf3 Nc6 3. d4 cxd4 4. Nxd4 Nf6 5. Nc3 d6 6. Bg5 e6 7. Qd2 Be7 8. 0-0-0 0-0 9. f4 Nxd4 10. Qxd4 Qa5 11. e5 dxe5 12. Qxe5 Qc5 13. Be2 Nd7 14. Bxe7 Qxe7 15. Qc7 Qd8 16. Qd6 Qa5 17. Rd4 a6 18. Rhd1 b5 19. a4 Ra7 20. axb5 axb5 21. Bxb5 Nb6 22. Qb4 Bb7 23. Qxa5 Rxa5 24. Bf1 Nd5 25. Nxd5 Bxd5 26. c4 Bc6 27. b4 Ra2 28. b5 Bb7 29. R4d2 Ra4 30. Kb2 1-0

[Event "Badalona op 36th"]
[Site "Badalona"]
[Date "2010.08.07"]
[Round "6"]
[White "Anikaev, Yuri N"]
[Black "Ipatov, Alexander"]
[Result "1/2-1/2"]
[WhiteElo "2411"]
[BlackElo "2507"]
[PlyCount "129"]
[EventDate "2010.08.02"]
[EventType "swiss"]
[EventRounds "9"]
[EventCountry "ESP"]
[SourceTitle "CBM 137 Extra"]
[Source "ChessBase"]
[SourceDate "2010.09.01"]
[SourceVersion "1"]
[SourceVersionDate "2010.09.01"]
[SourceQuality "1"]

1. d4 Nf6 2. c4 e5 3. dxe5 Ng4 4. Bf4 g5 5. Bg3 Bg7 6. Nf3 Nc6 7. Qc1 Ngxe5 8. Nxe5 Nxe5 9. Nc3 d6 10. Qc2 f5 11. Bxe5 Bxe5 12. 0-0-0 Be6 13. e3 0-0 14. Bd3 Kh8 15. g3 a6 16. f4 Bg7 17. Ne2 c5 18. e4 b5 19. exf5 Bg8 20. h4 g4 21. Be4 Rb8 22. Bd5 bxc4 23. Nc3 Qa5 24. Bxg8 Rxb2 25. Qxb2 Bxc3 26. Qb7 Rxg8 27. Rxd6 Bd4 28. Rd7 Qc3+ 29. Kb1 Qa1+ 30. Kc2 Qxa2+ 31. Kc1 Qa1+ 32. Kc2 Qc3+ 33. Kb1 Qd3+ 34. Kc1 Be3+ 35. Kb2 Bd4+ 36. Kc1 Qc3+ 37. Kb1 Bg7 38. Rhd1 Qa1+ 39. Kc2 Qa2+ 40. Kc1 Qa3+ 41. Kc2 Qa4+ 42. Kc1 Re8 43. Rd8 Qa1+ 44. Kc2 Qa4+ 45. Kc1 Bd4 46. Rxe8+ Qxe8 47. f6 Bxf6 48. Rd6 Bd4 49. Rxd4 cxd4 50. Qd5 Qe3+ 51. Kb1 Qe1+ 52. Ka2 Qe2+ 53. Ka1 d3 54. Qd4+ Kg8 55. Qxc4+ Kf8 56. Qc8+ Ke7 57. Qc7+ Ke6 58. Qc6+ Kf7 59. Qd5+ Kf8 60. Qd8+ Kf7 61. Qd7+ Kf8 62. Qd8+ Kf7 63. Qd7+ Kf6 64. Qd6+ Qe6 65. Qxd3 1/2-1/2

[Event "Badalona op 36th"]
[Site "Badalona"]
[Date "2010.08.05"]
[Round "4"]
[White "Anikaev, Yuri N"]
[Black "Bruzon Batista, Lazaro"]
[Result "0-1"]
[WhiteElo "2411"]
[BlackElo "2653"]
[PlyCount "76"]
[EventDate "2010.08.02"]
[EventType "swiss"]
[EventRounds "9"]
[EventCountry "ESP"]
[SourceTitle "CBM 137 Extra"]
[Source "ChessBase"]
[SourceDate "2010.09.01"]
[SourceVersion "1"]
[SourceVersionDate "2010.09.01"]
[SourceQuality "1"]

1. Nf3 g6 2. d4 Bg7 3. g3 d6 4. Bg2 Nd7 5. 0-0 e5 6. e4 Ngf6 7. Re1 0-0 8. c4 exd4 9. Nxd4 Ne5 10. b3 Ne8 11. f4 c5 12. fxe5 cxd4 13. exd6 Nxd6 14. Ba3 Re8 15. Nd2 h5 16. Qf3 d3 17. Rac1 Bg4 18. Qxd3 Nb5 19. Qxd8 Raxd8 20. cxb5 Rxd2 21. e5 Bxe5 22. Bxb7 Bd4+ 23. Kh1 Rb8 24. Bc6 Rxa2 25. Bc5 Bxc5 26. Rxc5 Rd8 27. Re8+ Rxe8 28. Bxe8 Kf8 29. Bc6 Ke7 30. Bd5 Rd2 31. Bc4 Bh3 32. Re5+ Kd6 33. Re1 f5 34. Bf7 Bg2+ 35. Kg1 Be4 36. Bxg6 h4 37. gxh4 Rg2+ 38. Kf1 Rxg6 0-1

[Event "Torredembarra op 12th"]
[Site "Torredembarra"]
[Date "2010.07.09"]
[Round "7"]
[White "Anikaev, Yuri N"]
[Black "Moskalenko, Viktor"]
[Result "0-1"]
[WhiteElo "2411"]
[BlackElo "2565"]
[PlyCount "59"]
[EventDate "2010.07.03"]
[EventType "swiss"]
[EventRounds "9"]
[EventCountry "ESP"]
[SourceTitle "CBM 137 Extra"]
[Source "ChessBase"]
[SourceDate "2010.09.01"]
[SourceVersion "1"]
[SourceVersionDate "2010.09.01"]
[SourceQuality "1"]

1. d4 f5 2. Nf3 Nf6 3. g3 e6 4. Bg2 d5 5. 0-0 Bd6 6. c4 c6 7. b3 Qe7 8. Bb2 0-0 9. Qc1 b5 10. Na3 bxc4 11. bxc4 Ba6 12. c5 Bc7 13. Qc2 Nbd7 14. Rfb1 f4 15. Bf1 e5 16. Qa4 Bb5 17. Nxb5 cxb5 18. Qxb5 e4 19. Qb7 fxg3 20. Qxc7 gxf2+ 21. Kg2 exf3+ 22. exf3 Ne4 23. Bc1 Rac8 24. Qb7 Qf7 25. Rb3 Rb8 26. Qxb8 Nxb8 27. fxe4 Qg6+ 28. Kh3 Qxe4 29. Rg3 Nc6 30. Be3 0-1

[Event "Yaroslavl"]
[Site "Yaroslavl"]
[Date "1990.??.??"]
[Round "?"]
[White "Anikaev, Yuri N"]
[Black "Howell, James C"]
[Result "1-0"]
[WhiteElo "2445"]
[BlackElo "2415"]
[PlyCount "109"]
[EventDate "1990.??.??"]
[EventType "tourn"]
[EventRounds "11"]
[EventCountry "URS"]
[EventCategory "6"]
[SourceTitle "EXT 1997"]
[Source "ChessBase"]
[SourceDate "1996.11.15"]
[SourceVersion "1"]
[SourceVersionDate "1996.11.15"]
[SourceQuality "1"]

1. d4 Nf6 2. Nf3 e6 3. c4 b6 4. g3 Bb7 5. Bg2 Be7 6. Nc3 Ne4 7. Bd2 f5 8. d5 Bf6 9. Rc1 0-0 10. 0-0 c5 11. dxc6 Bxc6 12. Be1 Na6 13. Nd4 Nxc3 14. Bxc3 Bxg2 15. Kxg2 Qc8 16. b3 Qb7+ 17. Kg1 Rad8 18. Nb5 f4 19. Nd6 Qc6 20. Qd2 fxg3 21. hxg3 Nc5 22. f3 Nb7 23. Ne4 Bxc3 24. Rxc3 b5 25. Kg2 bxc4 26. Rxc4 Qb6 27. Rb4 Qa6 28. Rc1 d5 29. Ng5 Rd7 30. Ra4 Qb6 31. Qd3 g6 32. Ra6 Nc5 33. Rxc5 Qxc5 34. Nxe6 Qe7 35. Nxf8 Kxf8 36. Ra4 d4 37. Rc4 Qe6 38. b4 h5 39. b5 Re7 40. Rc2 Qf6 41. Rc8+ Kf7 42. Rc6 Qg5 43. Qc4+ Kg7 44. Qxd4+ Kh7 45. Qc4 Qe5 46. a4 Qxe2+ 47. Qxe2 Rxe2+ 48. Kh3 Re7 49. f4 Kg7 50. a5 Kh7 51. Rc2 Kg7 52. b6 axb6 53. axb6 Kf6 54. Rb2 Rb7 55. Kh4 1-0

[Event "Yaroslavl"]
[Site "Yaroslavl"]
[Date "1990.??.??"]
[Round "?"]
[White "Kozlov, Vladimir N"]
[Black "Anikaev, Yuri N"]
[Result "1/2-1/2"]
[WhiteElo "2375"]
[BlackElo "2445"]
[PlyCount "111"]
[EventDate "1990.??.??"]
[EventType "tourn"]
[EventRounds "11"]
[EventCountry "URS"]
[EventCategory "6"]
[SourceTitle "EXT 1997"]
[Source "ChessBase"]
[SourceDate "1996.11.15"]
[SourceVersion "1"]
[SourceVersionDate "1996.11.15"]
[SourceQuality "1"]

1. e4 c5 2. Nf3 e6 3. Nc3 a6 4. g3 d6 5. Bg2 Nc6 6. 0-0 Nf6 7. Re1 Qc7 8. d4 cxd4 9. Nxd4 Be7 10. Nxc6 bxc6 11. e5 dxe5 12. Rxe5 Nd5 13. Nxd5 cxd5 14. Bf4 Qa7 15. c4 dxc4 16. Be3 Qc7 17. Bxa8 Qxe5 18. Qa4+ Bd7 19. Bc6 Qc7 20. Bxd7+ Qxd7 21. Qxc4 Qb7 22. Rc1 0-0 23. Qc7 Qxc7 24. Rxc7 Bf6 25. b4 Ra8 26. Bc5 Be5 27. Rd7 g5 28. a4 Kg7 29. Ra7 Rxa7 30. Bxa7 Kf8 31. Be3 g4 32. b5 axb5 33. a5 Ke7 34. a6 Bb8 35. a7 Bxa7 36. Bxa7 Kd6 37. Kf1 Kd5 38. Ke2 Ke4 39. Bc5 h5 40. Be7 f5 41. Ba3 e5 42. Be7 Kd4 43. Bf8 Ke4 44. Ba3 Kd4 45. Bb2+ Kd5 46. Ke3 Kd6 47. Bc3 Kd5 48. Kd3 Kd6 49. Bd2 Kc5 50. Be3+ Kd6 51. Kc3 Kd5 52. Kb4 Ke4 53. Kxb5 f4 54. Bc5 Kf3 55. Kc4 Kg2 56. gxf4 1/2-1/2

[Event "Yaroslavl"]
[Site "Yaroslavl"]
[Date "1990.??.??"]
[Round "?"]
[White "Masternak, Grzegorz"]
[Black "Anikaev, Yuri N"]
[Result "0-1"]
[WhiteElo "2360"]
[BlackElo "2445"]
[PlyCount "94"]
[EventDate "1990.??.??"]
[EventType "tourn"]
[EventRounds "11"]
[EventCountry "URS"]
[EventCategory "6"]
[SourceTitle "EXT 1997"]
[Source "ChessBase"]
[SourceDate "1996.11.15"]
[SourceVersion "1"]
[SourceVersionDate "1996.11.15"]
[SourceQuality "1"]

1. e4 c5 2. Nc3 Nc6 3. g3 g6 4. Bg2 Bg7 5. d3 d6 6. Be3 e5 7. Qd2 Be6 8. Nge2 Nge7 9. 0-0 0-0 10. Bh6 Qd7 11. Bxg7 Kxg7 12. f4 f6 13. Nd5 Rf7 14. fxe5 fxe5 15. Rxf7+ Bxf7 16. Rf1 Rf8 17. Nf6 Qd8 18. Ng4 Ng8 19. Nc3 Be6 20. Rxf8 Qxf8 21. Ne3 Nge7 22. Qf2 Nd4 23. Ncd5 Bxd5 24. exd5 Qxf2+ 25. Kxf2 Nef5 26. c3 Nxe3 27. Kxe3 Nf5+ 28. Kf2 Kf6 29. g4 Ne7 30. Be4 b5 31. Ke3 Nc8 32. b3 b4 33. c4 a5 34. Bf3 Nb6 35. Bd1 Nd7 36. Bf3 Nf8 37. Be4 Kg7 38. Kf3 Nd7 39. Ke3 Nb6 40. Bh1 a4 41. h4 a3 42. Kf3 Kf6 43. Ke4 Nc8 44. Bf3 Ne7 45. Bg2 Kg7 46. Bf3 h5 47. g5 Nf5 0-1

[Event "Moscow op"]
[Site "Moscow"]
[Date "1990.??.??"]
[Round "?"]
[White "Schlenker, Jochen"]
[Black "Anikaev, Yuri N"]
[Result "0-1"]
[WhiteElo "2245"]
[BlackElo "2445"]
[PlyCount "86"]
[EventDate "1990.09.??"]
[EventType "swiss"]
[EventRounds "9"]
[EventCountry "URS"]
[SourceTitle "EXT 2000"]
[Source "ChessBase"]
[SourceDate "1999.11.16"]
[SourceVersion "1"]
[SourceVersionDate "1999.11.16"]
[SourceQuality "1"]

1. e4 c5 2. c3 d5 3. exd5 Qxd5 4. d4 e6 5. Nf3 Nf6 6. Bd3 Be7 7. 0-0 0-0 8. c4 Qd7 9. dxc5 Rd8 10. Ne5 Qd4 11. Qe2 Nbd7 12. Nxd7 Bxd7 13. Be3 Qe5 14. Nc3 Bxc5 15. Bxc5 Qxc5 16. Ne4 Nxe4 17. Bxe4 Bc6 18. Bxc6 bxc6 19. Rfd1 g6 20. h3 e5 21. b3 Rd4 22. Rd3 Rad8 23. Rad1 a5 24. R1d2 Qd6 25. Rxd4 exd4 26. Rd3 c5 27. Qd2 Qc7 28. Qg5 Re8 29. f4 Kg7 30. f5 Qe5 31. f6+ Qxf6 32. Qxf6+ Kxf6 33. Rf3+ Kg7 34. Kf2 f5 35. a3 Rb8 36. Rd3 Kf6 37. h4 Ke5 38. Kf3 h6 39. Ke2 g5 40. hxg5 hxg5 41. Rh3 g4 42. Rg3 Ke4 43. Kd1 Rh8 0-1

[Event "URS-chT Cup 13th"]
[Site "Kiev"]
[Date "1984.05.18"]
[Round "3"]
[White "Vitolinsh, Alvis"]
[Black "Anikaev, Yuri N"]
[Result "0-1"]
[WhiteElo "2465"]
[BlackElo "2460"]
[PlyCount "81"]
[EventDate "1984.05.14"]
[EventType "team-tourn"]
[EventRounds "7"]
[EventCountry "URS"]
[SourceTitle "EXT 2020"]
[Source "ChessBase"]
[SourceDate "2019.10.17"]
[SourceVersion "1"]
[SourceVersionDate "2019.10.17"]
[SourceQuality "1"]
[WhiteTeam "The Rural Societies"]
[BlackTeam "Zenit"]
[WhiteTeamCountry "URS"]
[BlackTeamCountry "URS"]

1. e4 c5 2. Nf3 e6 3. d4 cxd4 4. Nxd4 Nc6 5. Be3 Nf6 6. Nd2 d5 7. Bb5 Bd7 8. Bxc6 bxc6 9. e5 Ng8 10. c4 Qb8 11. cxd5 cxd5 12. 0-0 Qxe5 13. N2f3 Qb8 14. Re1 Be7 15. Rc1 Nf6 16. Bg5 0-0 17. Ne5 Qb7 18. Re3 Rfc8 19. Rb3 Rxc1 20. Qxc1 Qc8 21. Rc3 Qd8 22. Rc7 Rc8 23. Rxc8 Qxc8 24. Qxc8+ Bxc8 25. Nec6 Bc5 26. Nb3 Bd7 27. Ne5 Bd6 28. Bxf6 Ba4 29. Nd4 gxf6 30. Nec6 a6 31. b3 Bxc6 32. Nxc6 Kf8 33. g4 Ke8 34. Nd4 Kd7 35. h3 Bc5 36. Nf3 Kc6 37. g5 Be7 38. gxf6 Bxf6 39. Kf1 Kc5 40. Ke1 Kb4 41. Ke2 0-1

[Event "URS-chT Cup 13th"]
[Site "Kiev"]
[Date "1984.05.??"]
[Round "6"]
[White "Anikaev, Yuri N"]
[Black "Taimanov, Mark E"]
[Result "1/2-1/2"]
[WhiteElo "2460"]
[BlackElo "2515"]
[PlyCount "52"]
[EventDate "1984.05.14"]
[EventType "team-tourn"]
[EventRounds "7"]
[EventCountry "URS"]
[SourceTitle "EXT 2020"]
[Source "ChessBase"]
[SourceDate "2019.10.17"]
[SourceVersion "1"]
[SourceVersionDate "2019.10.17"]
[SourceQuality "1"]
[WhiteTeam "Zenit"]
[BlackTeam "Burevestnik"]
[WhiteTeamCountry "URS"]
[BlackTeamCountry "URS"]

1. Nf3 d5 2. d4 c6 3. c4 Nf6 4. Nc3 dxc4 5. a4 Na6 6. e4 Bg4 7. Bxc4 e6 8. Be3 Nb4 9. Rc1 Be7 10. 0-0 0-0 11. h3 Bxf3 12. Qxf3 Qa5 13. Rfd1 Rfd8 14. Rd2 Rd7 15. Rcd1 Rad8 16. g3 a6 17. Bf1 h6 18. Bg2 b5 19. Qe2 bxa4 20. Ra1 e5 21. Rxa4 Qc7 22. dxe5 Rxd2 23. Bxd2 Qxe5 24. Be3 c5 25. Ra1 Qe6 26. Rd1 Rxd1+ 1/2-1/2

[Event "URS-chT Cup 13th"]
[Site "Kiev"]
[Date "1984.05.??"]
[Round "7"]
[White "Gulko, Boris F"]
[Black "Anikaev, Yuri N"]
[Result "0-1"]
[WhiteElo "2470"]
[BlackElo "2460"]
[PlyCount "74"]
[EventDate "1984.05.14"]
[EventType "team-tourn"]
[EventRounds "7"]
[EventCountry "URS"]
[SourceTitle "EXT 2020"]
[Source "ChessBase"]
[SourceDate "2019.10.17"]
[SourceVersion "1"]
[SourceVersionDate "2019.10.17"]
[SourceQuality "1"]
[WhiteTeam "Lokomotiv"]
[BlackTeam "Zenit"]
[WhiteTeamCountry "URS"]
[BlackTeamCountry "URS"]

1. d4 d5 2. c4 c6 3. Nc3 Nf6 4. e3 e6 5. Bd3 Nbd7 6. e4 dxe4 7. Nxe4 Nxe4 8. Bxe4 e5 9. Nf3 Nf6 10. Bc2 Bb4+ 11. Bd2 Bxd2+ 12. Qxd2 exd4 13. 0-0-0 0-0 14. Nxd4 Bd7 15. f3 c5 16. Nb5 Bxb5 17. cxb5 Qc7 18. Qc3 a6 19. bxa6 Rxa6 20. a3 b5 21. Rhe1 Rc6 22. Qe5 Qb6 23. g4 b4 24. g5 Nh5 25. Qe7 g6 26. Rd7 bxa3 27. bxa3 c4 28. Qe3 Qb5 29. a4 Qb4 30. Qe7 Qb6 31. Qe3 Qa5 32. Ra7 Qb4 33. Qe7 Qc3 34. Rd7 Nf4 35. Qxf8+ Kxf8 36. Rd8+ Kg7 37. Ree8 Qa3+ 0-1